01413nam a22001937a 4500003000900000008004100009040007100050082002600121245001900147260005400166300002800220440002900248505084000277650002401117650002201141700001501163700001901178700002201197AR-CdUCM190425b ||||| |||| 00| 0 spa d aMUNICIPALIDAD PROVINCIAL DEL CUSCOcBIBLIOTECA MUNICIPAL DEL CUSCO aCuzcoactual/N°2/1953 aCuzco actual / aCusco.bNoticias e informaciones,bFuturo,c1953. a32 páginas. :c16 cm. aCuzco Actual.nN°2,1953 aContenido: Paseando con los turistas la ciudadanía se pronuncia por la deconstrucción del Cuzco. -- La refinada, estampas las manos feas, teatro infantil, día del trabajo, pildoritas Ross. -- La danza de las horas cuzqueñas, los empleados del Cuzco y su problema en los pizarrines municipales, el sentido de las cosas. -- Piedra blanca sobre un piedra negra. -- El sentido de lo justo. -- Por los pasillos judiciales. -- El drenaje de la pampa de Anta. -- La reconstrucciones del Cuzco. -- Provincias que progresan. -- Mujeres que trabajan. -- Iniciativas que se congelan. -- Quien estudia triunfa. -- Martirio de un sacerdote.-- Malos vientos para los diarios del Cuzco. -- Colonias penales para los vagos. -- Votación acertada. -- Los barredores, reflejo de las gentes. -- La Universidad del Cuzco. -- Extensión cultural. aHistorias del Cusco aDiarios del Cusco aKaido, Ali aVallejo, Cesar aRamos Perea, Abel